La T.V. a Catalunya : selecció d' informacions sobre la TVE a Catalunya, les TV privades i altres temes relacionats : (1979-1981) : dossier publicat amb motiu de les 1res. jornades de Comunicació Social, ... selecció d' informacions sobre la TVE a Catalunya, les TV privades i altres temes relacionats :
Descripción Física:
267 f. ; 30 cm
Colección:
Comunicació ; 17
Materias:
Televisió -- Catalunya -- 1979/1981
MARC
| LEADER | 00000nam a2200000Ia 4500 | ||
|---|---|---|---|
| 001 | 8857 | ||
| 008 | 160829s1981 xx 000 0 cat d | ||
| 080 | |a C-1-555 | ||
| 245 | |a La T.V. a Catalunya : |b selecció d' informacions sobre la TVE a Catalunya, les TV privades i altres temes relacionats : |b (1979-1981) : |b dossier publicat amb motiu de les 1res. jornades de Comunicació Social, ... | ||
| 260 | |a Barcelona : |b Diputació de Barcelona. Servei de Premsa, Informació i Edicions, |c 1981 | ||
| 300 | |a 267 f. ; |c 30 cm | ||
| 490 | |a Comunicació ; 17 | ||
| 650 | |a Televisió |x Catalunya |x 1979/1981 |9 19808 | ||
| 710 | 1 | |a Barcelona (Catalunya : Província). |b Servei de Premsa, Informació i Edicions |9 54968 | |
| 901 | |a Arxiu | ||
| 942 | |n 1 | ||
| 952 | |0 0 |1 0 |4 0 |6 C1555 |7 1 |9 41326 |a Arxiu |b Arxiu |d 2016-12-01 |l 0 |o C-1-555 |p 8857 |r 2016-12-01 00:00:00 |w 2016-12-01 |y ARXIU | ||
| 999 | |c 43134 |d 43134 | ||